| 000 | 01201cam a2200241 4500 | ||
|---|---|---|---|
| 001 | ABS63322 | ||
| 008 | 000000n2000 000 0 eng u | ||
| 035 | _a(Sirsi) u110181 | ||
| 100 | _aMorrison, A | ||
| 245 | 4 | _aThe bold and the beautiful | |
| 260 | _c2000 | ||
| 490 |
_aEstates Gazette _v(0050) 16 December 2000, 68-69(2) |
||
| 520 | _aA brief examination of the situation in the Balkans where tourism is leading the way to economic and political stability in the region. Property investors may find many opportunities to invest in leisure developments as the tourist trade that existed before the Bosnian and Kosovan conflicts slowly re-emerges and the amount of risk is reduced by organisations such as RICS, involved in developing the professional, academic and legal infrastructure required to encourage investment. Further opportunities, this time in property outsourcing, may become available in the future. | ||
| 590 | _aABS | ||
| 650 | _aBALKANS | ||
| 650 | _aLEISURE INVESTMENT | ||
| 650 | _aINVESTMENT MARKET | ||
| 650 | _aTOURISM | ||
| 650 | _aABOUT RICS-RELATED ORGANISATIONS-RICS RESEARCH FOUNDATION | ||
| 650 | _aRICS | ||
| 690 | _aINTERNATIONAL-EUROPE | ||
| 942 | _n0 | ||
| 999 |
_c65707 _d65707 |
||